00305 a2200121 4500020001500000050002000015100002400035245002500059264005600084300001000140500001300150650002000163 a1779004559 aPL8842 MBH 2002 aMbhele, N.Feauthor aAmayezicN.F. mbhele aPietermaritzburg: South Africa:bCollge pressc2002 a107p. aNo index aZehla Izihlathi